书目信息 |
| 题名: |
相思美文
|
|
| 作者: | 彬彬 主编 | |
| 分册: | ||
| 出版信息: | 海拉尔 内蒙古文化出版社 2002.04 |
|
| 页数: | 342页 | |
| 开本: | 20cm | |
| 丛书名: | 紫罗兰读者精品珍藏 | |
| 单 册: | ||
| 中图分类: | I267.1 | |
| 科图分类: | ||
| 主题词: | 散文--中国 , 散文--作品综合集--中国 | |
| 电子资源: | ||
| ISBN: | 7-80675-059-2 | |
| 000 | 00638nam0 2200229 45 | |
| 001 | 0354910234 | |
| 005 | 2003041815151023 | |
| 010 | @a7-80675-059-2@dRMB 15.00 | |
| 100 | @a20030418d2002 km y0chiy0120 ea | |
| 101 | 0 | @achi |
| 102 | @aCN@b | |
| 200 | 1 | @a相思美文@Axiang si mei wen@f彬彬主编@Fbin bin zhu bian |
| 210 | @a海拉尔@c内蒙古文化出版社@d2002.04 | |
| 215 | @a342页@d20cm | |
| 225 | 2 | @a紫罗兰读者精品珍藏 |
| 410 | 0 | @12001 @a紫罗兰读者精品珍藏 |
| 606 | 0 | @a散文@x中国 |
| 606 | 0 | @a散文@x作品综合集@x中国 |
| 690 | @aI267.1@v4 | |
| 701 | 0 | @a彬彬@Abin bin@4主编 |
| 801 | 0 | @aCN@bPFT@c20030418 |
| 905 | @a10447@dI267.1@eB8201 | |
| 相思美文/彬彬主编.-海拉尔:内蒙古文化出版社,2002.04 |
| 342页;20cm.-(紫罗兰读者精品珍藏) |
| ISBN 7-80675-059-2:RMB 15.00 |
| ● |
| 相关链接 |
|
|
|
正题名:相思美文
索取号:I267.1/B8201
 
预约/预借
| 序号 | 登录号 | 条形码 | 馆藏地/架位号 | 状态 | 备注 |
| 1 | 365967 | 203659674 | 文学库116/ [索取号:I267.1/B8201] | 在馆 | |
| 2 | 365968 | 203659683 | 文学库116/ [索取号:I267.1/B8201] | 在馆 |